000 01087nam a2200265 i 4500
001 bg
003 BPK
005 20160113152702.0
008 970909s1995 pl f |000 0 pol d
020 _a8385491708
040 _cBPK
041 0 _apol
_afre
_alat
_geng
080 _a582.2/.3
100 1 _aMotyka, Józef
_d(1900-1984).
245 1 0 _aPorosty (Lichenes) :
_bmonografia.
_nT. 1,
_pRodzina Lecanoraceae : Hymenelia, Aspicilia, Lecanorella, Protoplacodium, Manzonia /
_cJózef Motyka ; pod red. Jadwigi Siemińskiej.
246 3 0 _aRodzina Lecanoraceae :
_b Hymenelia, Aspicilia, Lecanorella, Protoplacodium, Manzonia
260 _aLublin :
_bLubelskie Towarzystwo Naukowe,
_c1995.
300 _a384 s.
_c24 cm.
546 _aTekst częśc. w jęz. pol., ang., franc., łac.
650 4 _aPorosty
_xsystematyka.
700 1 _aSiemińska, Jadwiga
_d(1922- ).
_eRed.
700 1 _aMotyka-Zgłobicka, Maria
_d(1944- ).
_ePrzedm.
856 _uhttp://koha.tu.koszalin.pl/cgi-bin/koha/opac-detail.pl?biblionumber=31249
_yKatalog online BPK
942 _cKS
_2UKD
999 _c31249
_d31249